书目信息 |
| 题名: |
花
|
|
| 作者: | 江荣先 编著 | |
| 分册: | ||
| 出版信息: | 北京 中国建筑工业出版社 2001.02 |
|
| 页数: | 127页 | |
| 开本: | 29cm | |
| 丛书名: | 生态环境艺术·植物造景图册 | |
| 单 册: | ||
| 中图分类: | S68 | |
| 科图分类: | ||
| 主题词: | 观赏园艺 , 花卉 , 园林树木 | |
| 电子资源: | ||
| ISBN: | 7-112-04437-5 | |
| 000 | 00659nam0 2200241 45 | |
| 001 | 0262198803 | |
| 005 | 2002041617163880 | |
| 010 | @a7-112-04437-5@dRMB 68.00 | |
| 100 | @a20020416d2001 km y0chiy0120 ea | |
| 101 | 0 | @achi |
| 102 | @aCN@b110000 | |
| 200 | 1 | @a花@Ahua@f江荣先编著@FJiang Rong Xian Bian Zhu |
| 210 | @a北京@c中国建筑工业出版社@d2001.02 | |
| 215 | @a127页@d29cm | |
| 225 | 2 | @a生态环境艺术·植物造景图册 |
| 410 | 0 | @12001 @a生态环境艺术·植物造景图册 |
| 606 | 0 | @a观赏园艺 |
| 606 | 0 | @a花卉 |
| 606 | 0 | @a园林树木 |
| 690 | @aS68@v3 | |
| 701 | 0 | @a江荣先@AJiang Rong Xian@4编著 |
| 801 | 0 | @aCN@bPFT@c20020416 |
| 905 | @a10447@dS68@eJ377 | |
| 花/江荣先编著.-北京:中国建筑工业出版社,2001.02 |
| 127页;29cm.-(生态环境艺术·植物造景图册) |
| ISBN 7-112-04437-5:RMB 68.00 |
| ● |
| 相关链接 |
|
|
|
正题名:花
索取号:S68/J377
 
预约/预借
| 序号 | 登录号 | 条形码 | 馆藏地/架位号 | 状态 | 备注 |
| 1 | 355809 | 203558097 | 自科库401/401自科库 97排2列2层/ [索取号:S68/J377] | 在馆 | |
| 2 | 355810 | 203558104 | 自科库401/401自科库 97排2列2层/ [索取号:S68/J377] | 在馆 |